[Event "Irkutsk-ch op"]
[Site "Irkutsk"]
[Date "2016.02.28"]
[Round "6"]
[White "Ergeshov, Chingiz"]
[Black "Shafikov, Alexey"]
[Result "0-1"]
[WhiteElo "1825"]
[BlackElo "2062"]
[PlyCount "124"]
[EventDate "2016.02.13"]
[EventType "swiss"]
[EventRounds "9"]
[EventCountry "RUS"]
[SourceTitle "EXT 2018"]
[Source "ChessBase"]
[SourceDate "2017.10.13"]
[SourceVersion "1"]
[SourceVersionDate "2017.10.13"]
[SourceQuality "1"]

1. d4 Nf6 2. Nf3 g6 3. c4 Bg7 4. Nc3 0-0 5. e4 d6 6. Be2 Nbd7 7. 0-0 e5 8. d5 Nc5 9. Qc2 a5 10. Bg5 h6 11. Be3 Nfd7 12. Nd2 f5 13. f3 f4 14. Bf2 g5 15. b3 h5 16. a3 Rf7 17. b4 Na6 18. Rab1 Bf8 19. Na4 Rg7 20. h3 Nf6 21. c5 g4 22. hxg4 hxg4 23. fxg4 Nxg4 24. cxd6 cxd6 25. Bxg4 Bxg4 26. Nb6 Bh3 27. g3 Rb8 28. Rfe1 axb4 29. axb4 fxg3 30. Be3 Qf6 31. Rf1 Bxf1 32. Rxf1 Qh4 33. Nf3 Qh5 34. Qg2 Nxb4 35. Ng5 Rxg5 36. Nd7 Qh2+ 37. Qxh2 gxh2+ 38. Kxh2 Rg7 39. Nxb8 Nc2 40. Bd2 Nd4 41. Bh6 Rf7 42. Rg1+ Kh7 43. Bxf8 Rxf8 44. Nd7 Rf7 45. Nxe5 dxe5 46. Rc1 Rd7 47. Kg2 b5 48. Rc8 b4 49. Rb8 b3 50. Rb6 Kg7 51. Kf2 Kf8 52. Ke3 Re7 53. d6 Rd7 54. Kd3 Kf7 55. Kc3 Ke6 56. Rb8 Kxd6 57. Rb6+ Ke7 58. Rh6 Rc7+ 59. Kb2 Rc2+ 60. Kb1 Nb5 61. Ra6 Nc3+ 62. Ka1 b2# 0-1

[Event "Irkutsk-ch op"]
[Site "Irkutsk"]
[Date "2016.02.14"]
[Round "2"]
[White "Ergeshov, Timur"]
[Black "Shafikov, Alexey"]
[Result "1-0"]
[WhiteElo "2242"]
[BlackElo "2062"]
[PlyCount "107"]
[EventDate "2016.02.13"]
[EventType "swiss"]
[EventRounds "9"]
[EventCountry "RUS"]
[SourceTitle "EXT 2018"]
[Source "ChessBase"]
[SourceDate "2017.10.13"]
[SourceVersion "1"]
[SourceVersionDate "2017.10.13"]
[SourceQuality "1"]

1. d4 Nf6 2. c4 g6 3. Nc3 Bg7 4. e4 0-0 5. Nf3 d6 6. Be2 Nfd7 7. 0-0 c5 8. Be3 cxd4 9. Nxd4 Nc6 10. Rc1 a5 11. f3 Nxd4 12. Bxd4 Nc5 13. b3 Bd7 14. Bxg7 Kxg7 15. Qd4+ f6 16. f4 Bc6 17. Rcd1 Qb8 18. Bg4 Qa7 19. e5 dxe5 20. fxe5 f5 21. Bf3 Bxf3 22. e6+ Rf6 23. Rxf3 Nxe6 24. Qxa7 Rxa7 25. Rd7 Rf7 26. Re3 Ra6 27. Rxb7 f4 28. Re2 Kf8 29. Nd5 h6 30. Rb8+ Kg7 31. Re8 f3 32. gxf3 Nd4 33. R2xe7 Nxf3+ 34. Kg2 Nd2 35. Rxf7+ Kxf7 36. Re7+ Kf8 37. Re2 Nb1 38. Kf3 Na3 39. Nc7 Rc6 40. Nb5 Nxb5 41. cxb5 Rf6+ 42. Kg3 Rd6 43. Kf4 Kf7 44. Rc2 Rd5 45. b6 Rb5 46. Rc7+ Kf6 47. Rc6+ Kf7 48. Ke4 h5 49. Kd4 g5 50. Kc4 Rb4+ 51. Kc5 Ke7 52. Rc7+ Ke6 53. b7 g4 54. Rc6+ 1-0

[Event "Irkutsk-ch sf"]
[Site "Irkutsk"]
[Date "2012.01.29"]
[Round "6"]
[White "Kuznetsov, Vladimir1111"]
[Black "Shafikov, Alexey"]
[Result "1/2-1/2"]
[WhiteElo "2001"]
[BlackElo "2052"]
[PlyCount "22"]
[EventDate "2012.01.21"]
[EventType "swiss"]
[EventRounds "9"]
[EventCountry "RUS"]
[SourceTitle "CBM 146 Extra"]
[Source "ChessBase"]
[SourceDate "2012.02.29"]
[SourceVersion "1"]
[SourceVersionDate "2012.02.29"]
[SourceQuality "1"]

1. e4 c5 2. Nf3 d6 3. Nc3 Nf6 4. d4 cxd4 5. Qxd4 Nc6 6. Bb5 Nd7 7. Qa4 Nb6 8. Bxc6+ bxc6 9. Qxc6+ Bd7 10. Qb7 Bc8 11. Qc6+ Bd7 1/2-1/2

[Event "Irkutsk-ch sf"]
[Site "Irkutsk"]
[Date "2012.01.21"]
[Round "1"]
[White "Sorokovikov, Vasily"]
[Black "Shafikov, Alexey"]
[Result "0-1"]
[WhiteElo "1750"]
[BlackElo "2052"]
[PlyCount "50"]
[EventDate "2012.01.21"]
[EventType "swiss"]
[EventRounds "9"]
[EventCountry "RUS"]
[SourceTitle "CBM 146 Extra"]
[Source "ChessBase"]
[SourceDate "2012.02.29"]
[SourceVersion "1"]
[SourceVersionDate "2012.02.29"]
[SourceQuality "1"]

1. d4 Nf6 2. Nf3 c5 3. c3 g6 4. Bf4 Bg7 5. Nbd2 0-0 6. e4 d6 7. Bc4 cxd4 8. cxd4 Nxe4 9. Bxf7+ Rxf7 10. Qb3 Nxd2 11. Bxd2 Qb6 12. Qxb6 axb6 13. Bc3 Nc6 14. a3 Bg4 15. Ng5 Rff8 16. h3 Bf5 17. Rd1 h6 18. Nf3 Be4 19. Ke2 Bxf3+ 20. gxf3 Rf4 21. Rhg1 Kh7 22. Rg4 Raf8 23. Ke3 Rxf3+ 24. Ke4 R8f5 25. Rdg1 d5# 0-1

[Event "Irkutsk-ch op"]
[Site "Irkutsk"]
[Date "2011.04.24"]
[Round "2"]
[White "Shelk, Alexander"]
[Black "Shafikov, Alexey"]
[Result "1/2-1/2"]
[WhiteElo "2369"]
[BlackElo "2032"]
[PlyCount "82"]
[EventDate "2011.04.16"]
[EventType "swiss"]
[EventRounds "9"]
[EventCountry "RUS"]
[SourceTitle "EXT 2013"]
[Source "ChessBase"]
[SourceDate "2012.11.22"]
[SourceVersion "1"]
[SourceVersionDate "2012.11.22"]
[SourceQuality "1"]

1. d4 d5 2. c4 e6 3. Nc3 Nf6 4. Bg5 c6 5. e3 Nbd7 6. Qc2 Qa5 7. cxd5 Nxd5 8. e4 Nxc3 9. Bd2 e5 10. Nf3 exd4 11. Nxd4 Nf6 12. Bd3 Bd7 13. Bxc3 Bb4 14. 0-0 Bxc3 15. bxc3 0-0 16. Rfe1 Rfe8 17. Qb3 c5 18. Nf3 Be6 19. Bc4 Bxc4 20. Qxc4 b5 21. Qd3 Rad8 22. Qc2 Rd7 23. a4 b4 24. e5 Nd5 25. Ng5 g6 26. c4 Nc3 27. e6 fxe6 28. Rxe6 Rxe6 29. Nxe6 Qb6 30. Nf4 Qf6 31. g3 Ne2+ 32. Qxe2 Qxa1+ 33. Kg2 Rf7 34. Qe8+ Rf8 35. Qe6+ Kh8 36. Qe7 Qf6 37. Qxc5 g5 38. Nd5 Qf3+ 39. Kg1 Qd1+ 40. Kg2 Qf3+ 41. Kg1 Qd1+ 1/2-1/2

[Event "Irkutsk-ch op"]
[Site "Irkutsk"]
[Date "2011.04.23"]
[Round "8"]
[White "Tikhonov, Vasily"]
[Black "Shafikov, Alexey"]
[Result "0-1"]
[WhiteElo "1914"]
[BlackElo "2032"]
[PlyCount "54"]
[EventDate "2011.04.16"]
[EventType "swiss"]
[EventRounds "9"]
[EventCountry "RUS"]
[SourceTitle "EXT 2013"]
[Source "ChessBase"]
[SourceDate "2012.11.22"]
[SourceVersion "1"]
[SourceVersionDate "2012.11.22"]
[SourceQuality "1"]

1. e4 c5 2. Nf3 d6 3. g3 Nc6 4. Bg2 g6 5. 0-0 Bg7 6. d3 e5 7. Nc3 Nge7 8. Bg5 h6 9. Be3 0-0 10. Qd2 Kh7 11. h3 Be6 12. Kh2 f5 13. Ng1 f4 14. gxf4 exf4 15. Bxf4 Rxf4 16. Nge2 Rf7 17. f4 Qd7 18. h4 Bg4 19. Ng3 Nd4 20. Nd1 Raf8 21. Ne3 Rxf4 22. Rxf4 Rxf4 23. Nef5 Ne6 24. Nxg7 Kxg7 25. Rg1 Nc6 26. h5 Qe7 27. Bh3 Qh4 0-1

[Event "Irkutsk-ch"]
[Site "Irkutsk"]
[Date "2010.12.30"]
[Round "3"]
[White "Shafikov, Alexey"]
[Black "Khantuev, Alexander"]
[Result "1/2-1/2"]
[WhiteElo "2032"]
[BlackElo "2347"]
[PlyCount "128"]
[EventDate "2010.12.28"]
[EventType "tourn"]
[EventRounds "9"]
[EventCountry "RUS"]
[SourceTitle "CBM 140 Extra"]
[Source "ChessBase"]
[SourceDate "2011.03.01"]
[SourceVersion "1"]
[SourceVersionDate "2011.03.01"]
[SourceQuality "1"]

1. e4 e6 2. d4 d5 3. Nc3 Nf6 4. Bg5 Bb4 5. e5 h6 6. Be3 Ne4 7. Qg4 g6 8. a3 Bxc3+ 9. bxc3 c5 10. Bd3 h5 11. Qf4 g5 12. Qf3 Nxc3 13. dxc5 d4 14. Bd2 Nc6 15. Qf6 Qxf6 16. exf6 Na4 17. Bxg5 Nxc5 18. Nf3 Rg8 19. Bh7 Rh8 20. Bd3 Nxd3+ 21. cxd3 Rg8 22. h4 e5 23. Kd2 Kd8 24. Rhe1 Re8 25. Rab1 a6 26. Bh6 Ra7 27. a4 Bf5 28. Ng5 Bg6 29. f3 b5 30. Rec1 Kc7 31. axb5 axb5 32. Rxb5 Ra2+ 33. Rc2 Rxc2+ 34. Kxc2 Ra8 35. Rb2 Ra1 36. Ne4 Rg1 37. Kb3 Bf5 38. Kc4 Be6+ 39. Kc5 Ra1 40. Bf8 Rc1+ 41. Kb5 Na7+ 42. Kb4 Rd1 43. Nc5 Nc6+ 44. Kb5 Na7+ 45. Kb4 Bd5 46. Na4 Rxd3 47. Kc5 Bb3 48. Bd6+ Kd7 49. Bxe5 Nc6 50. Nb6+ Ke6 51. Bf4 Rc3+ 52. Kb5 d3 53. Be3 Bd5 54. Na4 Rc2 55. Nc5+ Kf5 56. Nxd3 Bc4+ 57. Kxc6 Bxd3+ 58. Rxc2 Bxc2 59. Bg5 Bd3 60. Kd6 Be2 61. Ke7 Kg6 62. Bd2 Bd1 63. Bc3 Be2 64. Bd4 Bd1 1/2-1/2

[Event "Irkutsk-ch"]
[Site "Irkutsk"]
[Date "2010.12.28"]
[Round "1"]
[White "Shafikov, Alexey"]
[Black "Grigoriev, Elisey"]
[Result "1-0"]
[WhiteElo "2032"]
[BlackElo "2055"]
[PlyCount "101"]
[EventDate "2010.12.28"]
[EventType "tourn"]
[EventRounds "9"]
[EventCountry "RUS"]
[SourceTitle "CBM 140 Extra"]
[Source "ChessBase"]
[SourceDate "2011.03.01"]
[SourceVersion "1"]
[SourceVersionDate "2011.03.01"]
[SourceQuality "1"]

1. e4 e6 2. d4 d5 3. Nc3 Nf6 4. Bg5 Be7 5. e5 Nfd7 6. Bxe7 Qxe7 7. f4 a6 8. Nf3 c5 9. Qd2 Nc6 10. dxc5 Qxc5 11. 0-0-0 b5 12. h4 Nb6 13. Nd4 Bd7 14. Kb1 Rb8 15. Rh3 Nc4 16. Bxc4 bxc4 17. Nxc6 Bxc6 18. Ne2 0-0 19. Nd4 Bd7 20. c3 a5 21. Ka1 f6 22. Re3 f5 23. Qe2 Qb6 24. Rd2 Qd8 25. Rh3 Qe7 26. g4 fxg4 27. Qxg4 Rb6 28. Qg3 Kh8 29. Rg2 Rbb8 30. Rh1 Rf7 31. Rhg1 Rbf8 32. Rf2 Be8 33. Rgf1 Rf5 34. Nxf5 Rxf5 35. Rg1 Bh5 36. Rfg2 g6 37. Qf2 Qc7 38. Rg5 Qf7 39. Rxf5 Qxf5 40. Qe3 a4 41. Rf1 Qd3 42. Qxd3 cxd3 43. Kb1 Be2 44. Rg1 Kg7 45. Kc1 Kf7 46. Kd2 Ke7 47. Rb1 Kd7 48. b3 a3 49. b4 Kc6 50. Rb3 d4 51. c4 1-0